| 000 | 00656nam a2200217 a 4500 | ||
|---|---|---|---|
| 008 | |||
| 020 | _a9780470401163 (pbk.) | ||
| 049 | _aMAIN | ||
| 090 |
_aHG4621 _bGAR |
||
| 100 | 1 | _aGarrett Sheryl. | |
| 245 | 1 | 0 |
_aInvesting in an uncertain economy for dummies / _cSheryl Garrett and Garrett planning network. |
| 260 |
_aHoboken : _bWiley pub, _c2008. |
||
| 300 |
_a370 p. : _bill. ; _c2008 cm. |
||
| 504 | _aIncludes bibliographical references. | ||
| 650 | 1 | _aInvestiments | |
| 907 |
_a.b10335304 _b19-09-13 _c19-09-13 |
||
| 003 | |||
| 005 | 20230123122029.0 | ||
| 040 | _cNUST | ||
| 942 |
_cBOOKS _kHG4621 _mGAR |
||
| 999 |
_c126599 _d126599 |
||